<?xml version="1.0" encoding="UTF-8"?>
<record
    xmlns:xsi="http://www.w3.org/2001/XMLSchema-instance"
    xsi:schemaLocation="http://www.loc.gov/MARC21/slim http://www.loc.gov/standards/marcxml/schema/MARC21slim.xsd"
    xmlns="http://www.loc.gov/MARC21/slim">

  <leader>01129nam0a2200313   4500</leader>
  <controlfield tag="001">RU\NLR\bibl\569919</controlfield>
  <controlfield tag="005">20250610132848.0</controlfield>
  <datafield tag="010" ind1=" " ind2=" ">
    <subfield code="a">5-288-03530-&#x425;</subfield>
  </datafield>
  <datafield tag="021" ind1=" " ind2=" ">
    <subfield code="a">RU</subfield>
    <subfield code="b">2005-33784</subfield>
    <subfield code="9">1693</subfield>
  </datafield>
  <datafield tag="035" ind1=" " ind2=" ">
    <subfield code="a">(NLR Aleph) 000561991</subfield>
  </datafield>
  <datafield tag="090" ind1=" " ind2=" ">
    <subfield code="a">1538329</subfield>
    <subfield code="c">1538329</subfield>
  </datafield>
  <datafield tag="100" ind1=" " ind2=" ">
    <subfield code="a">20041102d2004    |||y0rusy50      ca</subfield>
  </datafield>
  <datafield tag="101" ind1="1" ind2=" ">
    <subfield code="a">rus</subfield>
    <subfield code="a">cat</subfield>
    <subfield code="c">cat</subfield>
  </datafield>
  <datafield tag="102" ind1=" " ind2=" ">
    <subfield code="a">RU</subfield>
  </datafield>
  <datafield tag="105" ind1=" " ind2=" ">
    <subfield code="a">y   |||||||||</subfield>
  </datafield>
  <datafield tag="200" ind1="1" ind2=" ">
    <subfield code="a">&#x421;&#x43B;&#x43E;&#x432;&#x430; &#x438;&#x437; &#x43E;&#x433;&#x43D;&#x44F; &#x438; &#x43F;&#x435;&#x43F;&#x43B;&#x430;</subfield>
    <subfield code="d">Aguells mots de foc i cendra</subfield>
    <subfield code="e">[&#x421;&#x442;&#x438;&#x445;&#x438;]</subfield>
    <subfield code="e">&#x414;&#x432;&#x443;&#x44F;&#x437;&#x44B;&#x447;. &#x438;&#x437;&#x434;. &#x43F;&#x43E;&#x434; &#x43E;&#x431;&#x449;. &#x440;&#x435;&#x434;. &#x415;&#x43B;&#x435;&#x43D;&#x44B; &#x417;&#x435;&#x440;&#x43D;&#x43E;&#x432;&#x43E;&#x439;</subfield>
    <subfield code="e">&#x41F;&#x435;&#x440;. &#x441; &#x43A;&#x430;&#x442;&#x430;&#x43B;&#x43E;&#x43D;.</subfield>
    <subfield code="f">&#x414;&#x430;&#x432;&#x438;&#x434; &#x416;&#x43E;&#x443;</subfield>
    <subfield code="z">cat</subfield>
  </datafield>
  <datafield tag="210" ind1=" " ind2=" ">
    <subfield code="a">&#x421;&#x41F;&#x431;.</subfield>
    <subfield code="c">&#x418;&#x437;&#x434;-&#x432;&#x43E; &#x421;&#x41F;&#x431;&#x413;&#x423;</subfield>
    <subfield code="d">2004</subfield>
  </datafield>
  <datafield tag="215" ind1=" " ind2=" ">
    <subfield code="a">150, [1] &#x441;.</subfield>
    <subfield code="d">17</subfield>
  </datafield>
  <datafield tag="300" ind1=" " ind2=" ">
    <subfield code="a">&#x410;&#x432;&#x442;. &#x442;&#x430;&#x43A;&#x436;&#x435; &#x43D;&#x430; &#x43A;&#x430;&#x442;&#x430;&#x43B;&#x43E;&#x43D;. &#x44F;&#x437;.: David Jou</subfield>
  </datafield>
  <datafield tag="510" ind1="1" ind2=" ">
    <subfield code="6">z55790</subfield>
    <subfield code="a">Aguells mots de foc i cendra</subfield>
    <subfield code="z">cat</subfield>
  </datafield>
  <datafield tag="686" ind1=" " ind2=" ">
    <subfield code="a">&#x428;6(4&#x418;&#x441;=&#x41A;)07-5&#x44F;44{&#x41B;&#x445;1590}</subfield>
  </datafield>
  <datafield tag="700" ind1=" " ind2="1">
    <subfield code="a">&#x416;&#x43E;&#x443;</subfield>
    <subfield code="b">&#x414;.</subfield>
    <subfield code="f">1953-</subfield>
    <subfield code="g">&#x414;&#x430;&#x432;&#x438;&#x434;</subfield>
    <subfield code="4">070</subfield>
  </datafield>
  <datafield tag="790" ind1=" " ind2="1">
    <subfield code="6">z55510</subfield>
    <subfield code="a">Jou</subfield>
    <subfield code="b">D.</subfield>
    <subfield code="f">1953-</subfield>
    <subfield code="g">David</subfield>
    <subfield code="4">070</subfield>
  </datafield>
  <datafield tag="801" ind1=" " ind2="0">
    <subfield code="a">RU</subfield>
    <subfield code="b">NLR</subfield>
    <subfield code="c">20041102</subfield>
    <subfield code="g">PSBO</subfield>
  </datafield>
  <datafield tag="801" ind1=" " ind2="1">
    <subfield code="a">RU</subfield>
    <subfield code="b">NLR</subfield>
    <subfield code="c">20041102</subfield>
  </datafield>
  <datafield tag="830" ind1=" " ind2=" ">
    <subfield code="a">&#x441;&#x435;&#x440;. &#x43D;&#x435;&#x442;</subfield>
  </datafield>
  <datafield tag="942" ind1=" " ind2=" ">
    <subfield code="c">BOOK</subfield>
  </datafield>
  <datafield tag="980" ind1=" " ind2=" ">
    <subfield code="a">NB</subfield>
  </datafield>
  <datafield tag="995" ind1=" " ind2=" ">
    <subfield code="5">2004-11-02</subfield>
    <subfield code="a">ab</subfield>
    <subfield code="b">NLR01</subfield>
    <subfield code="c">NLR01</subfield>
    <subfield code="e">RF3</subfield>
    <subfield code="f">785464</subfield>
    <subfield code="k">2004-2/3606</subfield>
    <subfield code="o">0</subfield>
    <subfield code="r">BOOK</subfield>
    <subfield code="s">200423606_</subfield>
  </datafield>
  <datafield tag="995" ind1=" " ind2=" ">
    <subfield code="5">2005-08-01</subfield>
    <subfield code="a">ad</subfield>
    <subfield code="b">NLR01</subfield>
    <subfield code="c">NLR01</subfield>
    <subfield code="e">RF3</subfield>
    <subfield code="f">967202</subfield>
    <subfield code="k">2004-2/3606</subfield>
    <subfield code="o">0</subfield>
    <subfield code="r">BOOK</subfield>
    <subfield code="s">200423606_</subfield>
  </datafield>
  <datafield tag="995" ind1=" " ind2=" ">
    <subfield code="5">2005-08-01</subfield>
    <subfield code="a">ad</subfield>
    <subfield code="b">NLR01</subfield>
    <subfield code="c">NLR01</subfield>
    <subfield code="e">OBM</subfield>
    <subfield code="f">967203</subfield>
    <subfield code="o">0</subfield>
    <subfield code="r">BOOK</subfield>
  </datafield>
  <datafield tag="995" ind1=" " ind2=" ">
    <subfield code="5">2014-09-09</subfield>
    <subfield code="a">a9</subfield>
    <subfield code="b">NLR02</subfield>
    <subfield code="c">NLR02</subfield>
    <subfield code="e">MK</subfield>
    <subfield code="f">1-272059</subfield>
    <subfield code="o">0</subfield>
    <subfield code="p">500.00</subfield>
    <subfield code="r">BOOK</subfield>
  </datafield>
</record>
